000 01265nam a2200301 i 4500
003 EG-GICUC
005 20260121101347.0
008 251126s2006 ua ||||fr|||| 00| 0 ara d
040 _a EG-GICUC
_bara
_c EG-GICUC
_d EG-GICUC
_erda
041 0 _aara
082 0 4 _221
_a343.425
_bع ب . م
092 0 4 _221
099 _aLaw1 10 343.425 ع ب .م 2006
100 0 _aعبدالفتاح بيومى حجازى
_eمؤلف.
245 1 2 _aالمبادئ العامة فى جرائم الصحافة والنشر :
_bدراسة متعمقة عن جرائم الرأى فى قانون العقوبات وقانون الصحافة /
_cدكتور عبدالفتاح بيومى حجازى.
264 1 _aالإسكندرية :
_bدار الفكر الجامعى،
_c2006.
300 _a288 صفحة ؛
_c24 سم.
336 _2rda content
_atext
337 _2rda media
_aComputer
338 _2rda carrier
_aOnline Resource
504 _a. 275-278ببليوجرافيا: صفحات
546 _aالنص باللغة العربية
650 1 4 _aالتشريعات المتعلقة بالصحافة
650 1 4 _aالقانون الجنائي
856 4 0 _uhttps://fll.law.cu.edu.eg/fulltext/bks/B10-06199.pdf
905 _a77
_eHassnaa
942 _2ddc
_cBK
_e21
_n0
999 _c46164
_d46164